Capitales du Monde - Carte vierge - Statistiques

Statistiques générales
  • Ce quiz a été pris 2 006 fois
    481 depuis la dernière actualisation
  • Le résultat moyen est 135 sur 196
Réponses sur la Carte
Les réponses sont colorées sur une échelle allant du rouge au vert en fonction du pourcentage des utilisateurs qui les ont devinées à leur premier essai. Vous pouvez retrouver ces pourcentages ci-dessous.
 
Statistiques - réponses
Capitales % Correct
Paris
96%
Washington D.C.
96%
Brasilia
94%
Mexico
94%
Ottawa
94%
Berlin
93%
Moscou
93%
Londres
92%
Madrid
92%
Rome
92%
Alger
91%
Lisbonne
91%
Berne
90%
Bruxelles
90%
Buenos Aires
90%
Pékin
90%
Tokyo
90%
Canberra
89%
Dublin
89%
Luxembourg
89%
Oslo
89%
Helsinki
88%
Rabat
88%
Tunis
88%
Varsovie
88%
Vienne
87%
Kiev
86%
Stockholm
86%
Amsterdam
85%
La Paz / Sucre
85%
Le Caire
85%
Lima
85%
New Delhi
85%
Andorre-la-Vieille
83%
Bogota
83%
Bucarest
83%
Budapest
83%
Copenhague
83%
Prague
83%
Santiago
83%
Séoul
83%
Ankara
82%
Athènes
82%
Le Cap / Pretoria / Bloemfontein
82%
Montevideo
82%
Vatican
82%
Zagreb
82%
Jérusalem
81%
Minsk
81%
La Havane
80%
Panama
80%
Reykjavik
80%
Saint-Marin
80%
Sofia
80%
Téhéran
80%
Bangkok
79%
Jakarta / Nusantara
79%
Beyrouth
78%
Dakar
78%
Monaco
78%
Sarajevo
78%
Hanoï
77%
Riga
77%
Riyad
77%
Bagdad
76%
Belgrade
76%
Bratislava
76%
Caracas
76%
Islamabad
76%
Kinshasa
76%
La Valette
76%
Oulan-Bator
76%
Tripoli
76%
Vilnius
76%
Wellington
76%
Astana
75%
Kaboul
75%
Ljubljana
75%
Pyongyang
75%
Quito
75%
Asuncion
74%
Tallinn
74%
Abou Dabi
73%
Erevan
73%
Guatemala
73%
Kingston
73%
Nairobi
73%
Singapour
73%
Tirana
73%
Bamako
72%
Brazzaville
71%
Damas
71%
Doha
71%
Bakou
70%
Chișinău
70%
Manille
70%
Nicosie
70%
Tbilissi
70%
Libreville
69%
Pristina
69%
San Salvador
69%
Skopje
69%
Vaduz
69%
Kuala Lumpur
68%
Podgorica
68%
Addis-Abeba
67%
Djibouti
67%
Katmandou
67%
Taipei
67%
Ouagadougou
66%
Port-au-Prince
66%
San José
66%
Freetown
65%
Koweït
65%
Sanaa
65%
Yaoundé
65%
Accra
64%
Dacca
64%
Georgetown
64%
Yamoussoukro
64%
Amman
63%
Nassau
63%
Antananarivo
62%
Khartoum
62%
Lomé
62%
Mascate
62%
Saint-Domingue
62%
Abuja
61%
Belmopan
61%
Luanda
61%
Managua
61%
Niamey
61%
Paramaribo
61%
São Tomé
61%
Vientiane
61%
Port-Louis
60%
Bissau
59%
Conakry
59%
Kingstown
59%
N'Djaména
59%
Nouakchott
59%
Phnom Penh
59%
Saint John's
59%
Porto-Novo
58%
Bichkek
57%
Dili
57%
Port Moresby
57%
Saint-Georges
57%
Sri Jayawardenapura Kotte / Colombo
57%
Victoria
57%
Castries
56%
Kigali
56%
Port-d'Espagne
56%
Harare
55%
Malé
55%
Maputo
55%
Mogadiscio
55%
Windhoek
55%
Bangui
54%
Basseterre
54%
Gaborone
54%
Gitega
54%
Kampala
54%
Tachkent
54%
Tegucigalpa
54%
Roseau
53%
Asmara
52%
Banjul
52%
Ciudad de la Paz
52%
Dodoma
52%
Lusaka
52%
Moroni
52%
Funafuti
51%
Monrovia
50%
Port-Vila
50%
Praia
50%
Manama
49%
Mbabane
48%
Achgabat
46%
Apia
46%
Bridgetown
46%
Palikir
46%
Djouba
45%
Douchanbé
45%
Thimphou
45%
Bandar Seri Begawan
43%
Naypyidaw
43%
Suva
43%
Maseru
42%
Lilongwe
41%
Nuku'alofa
41%
Tarawa-Sud
40%
Yaren
39%
Melekeok / Ngerulmud
38%
Honiara
37%
Majuro / Delap-Uliga-Darrit
37%
Aucun quiz correspondant
Distribution des résultats
% des personnes avec chaque résultat
Percentile par nombre de réponses
Votre historique - résultats
Vous n’avez pas pris ce quiz depuis la dernière actualisation